=LDR 00000nam 2200000 4500 =001 INLIS000000000021302 =005 20130612120154 =008 ***********************************Ind** =035 ##$$0010-061300000021302 =041 ##$$a Ind =082 ##$$a 658.3 =090 ##$$a 658.3, Tra s =100 ##$$a Tracy, Diane =245 ##$$a 10 langkah meraih kekuasaan, meraih kekuasaan dengan cara membagikannya, Diane Tracy =260 ##$$a 1990 $b Jakarta =300 ##$$a x, 134 hlm, 21 cm =650 ##$$a Manajemen Personalia =850 ##$$a NBPNMAT